| 000 | 01406cam a2200289 4500 | ||
|---|---|---|---|
| 001 | ##L132889 | ||
| 002 | ##9330 | ||
| 008 | 060317n2006 000 0 eng u | ||
| 020 | _a1904388523 | ||
| 035 | _a(Sirsi) u132889 | ||
| 041 | 0 | _aeng | |
| 050 | 0 | 4 | _a029.7 $2 18 |
| 100 | 1 | _aCherry, Stephen | |
| 245 | 0 | 0 |
_aIT and the chartered surveyor _ba CPD study pack |
| 250 | _a[3rd ed.] | ||
| 260 |
_aReading _bCollege of Estate Management _c2006 |
||
| 300 |
_a31p. _bill. _c30cm. |
||
| 350 | _a29.50 | ||
| 490 | 0 | _aCollege of Estate Management CPD Study Pack | |
| 505 | 2 | _aIT infrastructure - the building blocks -- National Land Information Service (NLIS) -- The office of the future -- Future office buildings -- Variants of standard IT services -- Voice over Internet working Protocols -- CPD questions and answers | |
| 520 | _aSets out at a high level some of the issues facing organisations using information technology in the 21st century. Most corporate offices are occupied for only 50-55% of the working day, with companies seeking IT solutions to suit new ways of working. Surveyors need to ensure that best use is made of property in supporting the principal business objectives. | ||
| 520 | _aSupersedes second edition (ISBN 1904388132). | ||
| 520 | _aNo audio material accompanies this item. | ||
| 690 | _aMANAGEMENT-BUSINESS MANAGEMENT | ||
| 700 | 1 | _aWebber, Chris | |
| 942 | _n0 | ||
| 999 |
_c105276 _d105276 |
||